000 00761nam a22002537a 4500
003 UA-OsUOA
001 31204
007 ta
008 20041207b un ||||| |||| 00| 0 ukr d
090 _a94(477.54)
_bР32
942 _cBK
040 _aUA-OsUOA
_brus
_cUA-OsUOA
_dUA-OsUOA
245 _aРегіони України. Хроніки та керівники
_bХарківська область
_cРед. К.Мацузато В.Якушик
300 _a134 с.
955 _a0
041 _arus
080 _a94(477.54)
020 _a5-7525-1015-5
260 _aЕкатеринбург
_bИздательство Уральского Университета
_c2001
246 3 1 _aТом 2
_n
044 _aRU
650 7 _2UDC
999 _c317626
_d317626